| 000 | 00800cam a2200265 u 4500 | ||
|---|---|---|---|
| 003 | UPN | ||
| 005 | 20230310063530.0 | ||
| 008 | 191022s2001 mx r 000 p spa d | ||
| 020 | _a9701870611 | ||
| 035 | _aUPN01000233628 | ||
| 040 |
_aMX-MxUPN _bspa _cMX-MxUPN |
||
| 050 |
_aPQ7298.43 E44 _bA47 2001 |
||
| 100 | 1 |
_aTéllez, Daniel, _d1972- _941335 |
|
| 245 | 1 | 3 | _aEl aire oscuro |
| 250 | _aPrimera edición | ||
| 260 |
_aMéxico : _bCONACULTA : _bSecretaría de Cultura de Jalisco , _c2001. |
||
| 300 | _a72 páginas : | ||
| 490 | 0 |
_aFondo editorial Tierra Adentro ; _v230 |
|
| 586 | _aPremio Nacional de Poesía Joven Elías Nandino, 2001. | ||
| 650 | 4 |
_aPoesía mexicana _ySiglo XX _91285 |
|
| 905 | _aLibro | ||
| 942 |
_cLIBRO _2lcc |
||
| 999 |
_c205723 _d205723 |
||